| 000 | 00669nac a22001811u 4500 | ||
|---|---|---|---|
| 008 | 100914t xxu||||| |||| 00| 0 eng d | ||
| 010 | _a 76375126 | ||
| 082 | 0 | 0 |
_a629.224 _bFIT |
| 100 |
_aFitch, James William, _919036 |
||
| 245 | 1 | 0 |
_aMotor Truck Engineering Handbook / _cJames William Fitch. |
| 250 | _a2d rev. ed. | ||
| 260 |
_aSan Francisco : _bFitch, _c1976. |
||
| 300 |
_a288 p. : _bill. ; _c24 cm. |
||
| 500 | _aIncludes index. | ||
| 650 | 0 |
_aTrucks _xDesign and construction. _919037 |
|
| 942 |
_cBB _k629.224FIT _2ddc |
||
| 999 |
_c4229 _d4229 |
||